Every Customizable Character In UCN - Statistics

General Stats
  • This quiz has been taken 15 times
  • The average score is 32 of 50
Answer Stats
Answer % Correct
Freddy
100%
Bonnie
90%
Foxy
90%
Nightmare
90%
Toy Bonnie
90%
Toy Chica
90%
Chica
80%
Golden Freddy
80%
Marionette
80%
El Chip
70%
Funtime Foxy
70%
Mangle
70%
Nightmare Bonnie
70%
Nightmare Freddy
70%
Phone Guy
70%
Pigpatch
70%
Balloon Boy
60%
Ballora
60%
Circus Baby
60%
Ennard
60%
Funtime Chica
60%
JJ
60%
Lefty
60%
Molten Freddy
60%
Mr. Hippo
60%
Nightmare Fredbear
60%
Orville Elephant
60%
Phantom Balloon Boy
60%
Phantom Freddy
60%
Phantom Mangle
60%
Rockstar Bonnie
60%
Rockstar Chica
60%
Rockstar Foxy
60%
Rockstar Freddy
60%
Springtrap
60%
Toy Freddy
60%
Happy Frog
50%
Helpy
50%
Jack o’ Chica
50%
Musicman
50%
Neddbear
50%
Nightmare Balloon Boy
50%
Nightmare Mangle
50%
Nightmarionne
50%
Old Man Consequences
50%
Scrapbaby
50%
Scraptrap
50%
Trash and The Gang
50%
Withered Bonnie
50%
Withered Chica
50%
No matching quizzes found
Score Distribution
Percent of People with Each Score
Percentile by Number Answered
Your Score History
You have not taken this quiz